000 00997cad a22002775a 4500
001 L157082
008 120829s2012 xxk f 000 0 eng d
020 _a9781842198193
035 _a(Sirsi) u157082
041 0 _aeng
100 1 _aHutchison, Norman
245 0 0 _aTax increment financing
_ban opportunity for the UK?
_h[electronic resource]
260 _aLondon
_bRICS
_c2012
490 0 _aRICS Research
520 _aThis report critically examines the Tax Increment Financing models that are operational in the US to identify lessons that can be learned prior to possible adoption in the UK
651 4 _aUnited Kingdom
_y
651 4 _aUnited States
690 _aFinance and taxation
700 1 _aLiu, Nan
700 1 _aAdair, Alastair
700 1 _aBerry, Jim
700 1 _aHaran, Martin
700 1 _aMcGreal, Stanley
856 4 0 _uhttps://www.rics.org/Global/Tax_Increment_Financing_290212_dwl_aj.pdf
_zView the main report free of charge at www.rics.org
942 _n0
999 _c114581
_d114581